00454 2200181 4500001002100000005001500021008004100036035001900077041000700096082001100103090001700114100002100131700001400152245002600166260002400192300002800216650002800244INLIS00000000000478020241224112957241224||||||||| | ||| |||| || |  0010-1224004780 aid0 a922.97 a922.97 YUL s0 aYuliadi Soekardi0 aSyahbudin00aSunan Giri Raden Paku bPustaka Setiac2004 a128 hlm. : ius. ; 25 cm 0aIlmu Sejarah & Biografi